01661 2200229 4500001002100000005001500021035002000036008004100056020000800097041000800105082001200113084001800125100004300143245010000186250001100286260005200297300003000349520096300379650003901342990002401381990002601405INLIS00000000000426320241022095632 a0010-0520004263241022 | 0 ind  a675 aind a297.577 a297.577 MUH k0 aMuhammad Abdurrahman Syamilah Al Ahdal1 aKulihat Surga Di Rumah Ku :bEtika & Tuntutan Berumah Tangga /cM.Abdurrahman Syamilah Al Ahdal acet. 1 ajakarta :bAcademic ( India ) Publishers,c2004 a447 hlm. ; 21 cm ;c21 cm aBahagia,sesungguhnya,bukanlah sebuah hasil akhir.ia adalah proses berkesinambungan yang terus diupayakan dalam keluarga.masing-masing anggota keluarga,orang tua maupun anak,suami maupun istri,dituntut bekerja menghadirkan kesantunan-kesantunan yang melahirkan keselarasan dan kebahagiaan dalam hidup. "kulihat surga dirumahku".buku yang ditulis oleh Muhammad abdurrahman syamilah al-ahdal bermaksud mengajak kembali menyajikan keluarga muslim untuk menjadi sokoguru perubahan.penulis menyajikan berbagai adab dan etika dalam rumah tangga muslim,sejak awal sampai akhir.mulai dari etika hendak menikah hingga mempunyai anak dan mendidiknya,berinteraksi dengan sesama muslim,sikap anak dalam berinteraksi pada orangtua dan orang lain,dan seterusnya,Lengkap dan tuntas.diharapkan dengan mempraktikannya,keluarga muslim tak hanya sanggup menjemput bahagia tapi juga menjadi sokoguru bagi kebangkitan umat.bukan malah jadi benalu apalagi tumor yang harus dicabut. 4a1. Etika & Tuntunan Berumah Tangga a00674/MKRI-P/V-2007 a02236/MKRI-P/III-2005